000 01362 a2200229 4500
001 33
005 20260407155403.0
008 260407a2002 arg spa d
003 AR-UNSa-BCEJYS
040 _aAR-UNSa-BCEJYS
_bspa
_cAR-UNSa-BCEJYS
080 _a342
_xDerecho constitucional (Derecho Público)
245 1 0 _aEl sistema de control constitucional argentino
_pLa acción declarativa de inconstitucionalidad como mecanismo de tutela
020 _a950-14-1849-9
264 1 _aBuenos Aires :
_bLexis Nexis
_c2002
300 _a363 p.
_c22 cm.
505 _a1. Derecho procesal constitucional - 2. Características del control de constitucionalidad en la Argentina - 3. El control de inconstitucionalidad por vía de acción - 4. La acción de inconstitucionalidad en el orden federal: configuración y competencia - 5. Diferencia con otros institutos afines - 6. Procedencia de las medidas cautelares en la acción Mere Declarativa - 7. El control por vía de acción en el derecho público provincial - 8. Trámite procesal y efectos de la sentencia declarativa de inconstitucionalidad
041 _aspa
942 _cBK
590 _aniveau_biblio:m niveau_hierar:0
100 1 _aToricelli, Maximiliano
856 4 1 _uhttps://biblioeco.unsa.edu.ar/pmb/images/libros/El sistema de control constitucional argentino-l116466.jpg
_yImagen de portada
_qimage/jpeg
999 _c25
_d25